[Event "25th Czech Open A 2014"]
[Site "Pardubice CZE"]
[Date "2014.07.21"]
[Round "4.42"]
[White "Nayhebaver, Martin"]
[Black "Shalimov, Valery"]
[Result "0-1"]
[BlackTitle "IM"]
[WhiteElo "2307"]
[BlackElo "2412"]
[WhiteFideId "14923432"]
[BlackFideId "14104881"]
[EventDate "2014.07.18"]

1. e4 c5 2. Nf3 Nc6 3. d4 cxd4 4. Nxd4 g6 5. Nc3 Bg7 6. Be3 Nf6 7. Bc4 Qa5 8.
O-O O-O 9. Nb3 Qc7 10. Bg5 a6 11. Be2 e6 12. Qd2 b5 13. a3 Rb8 14. Rfd1 h5 15.
h3 Nh7 16. Be3 Rd8 17. Bc5 Be5 18. Bd6 Bxd6 19. Qxd6 Qxd6 20. Rxd6 Kf8 21. Rad1
Ke7 22. f4 Nf6 23. e5 Ne8 24. R6d2 d5 25. Nd4 Bd7 26. Nxc6+ Bxc6 27. Na2 h4 28.
Nc1 Ng7 29. Bg4 b4 30. axb4 Rxb4 31. Nd3 Rc4 32. b3 Rc3 33. Ne1 Rc8 34. Rd3 Rc5
35. Kf2 Bb5 36. Rd4 Rc3 37. Ra1 f6 38. Rd2 Rf8 39. Nf3 f5 40. Nxh4 fxg4 41.
Nxg6+ Kf7 42. Nxf8 g3+ 43. Ke1 Kxf8 44. Kd1 Nf5 45. Kc1 Re3 46. Kb2 Re4 47. c4
dxc4 48. bxc4 Rxc4 49. Rd8+ Kf7 50. Rad1 Rxf4 51. Rh8 Re4 52. Rdd8 Rxe5 53. h4
Re2+ 54. Kc3 Rxg2 55. h5 Rh2 56. Rdg8 Rxh5 0-1

[Event "25th Czech Open A 2014"]
[Site "Pardubice CZE"]
[Date "2014.07.21"]
[Round "4.43"]
[White "Westerberg, Jonathan"]
[Black "Tomazini, Aljosa"]
[Result "1/2-1/2"]
[WhiteTitle "FM"]
[BlackTitle "FM"]
[WhiteElo "2412"]
[BlackElo "2283"]
[WhiteFideId "1701754"]
[BlackFideId "14608154"]
[EventDate "2014.07.18"]

1. e4 e5 2. Nf3 Nc6 3. Bc4 Nf6 4. d4 exd4 5. e5 Ng4 6. O-O d6 7. exd6 Bxd6 8.
Re1+ Kf8 9. Nbd2 Nge5 10. Be2 Bf5 11. Nb3 Bxc2 12. Qxc2 d3 13. Qd1 dxe2 14. Qxe2
Qf6 15. Ng5 Qg6 16. Ne4 Re8 17. Bf4 Bb4 18. Red1 Qf5 19. Bg3 h5 20. a3 h4 21.
axb4 hxg3 22. Nxg3 Qh7 23. h3 Nxb4 24. Qb5 Nbd3 25. Qxb7 Qh4 26. Qd5 Nf4 27. Qe4
Ned3 28. Qf5 g6 29. Qg4 Qh6 30. Qf3 Ne5 31. Qe4 Ned3 32. Qb7 Kg7 33. Nd4 Qg5 34.
Qf3 c5 35. Nde2 Rxe2 36. Rxd3 Nxd3 37. Nxe2 Nxb2 38. Rxa7 Qf6 39. Qa3 Re8 40.
Ra6 Qe5 41. Qc3 1/2-1/2

[Event "25th Czech Open A 2014"]
[Site "Pardubice CZE"]
[Date "2014.07.21"]
[Round "4.44"]
[White "Schulz, Karsten"]
[Black "Yagupov, Igor"]
[Result "1/2-1/2"]
[WhiteTitle "FM"]
[BlackTitle "GM"]
[WhiteElo "2276"]
[BlackElo "2410"]
[WhiteFideId "4611446"]
[BlackFideId "4113632"]
[EventDate "2014.07.18"]

1. Nf3 d5 2. g3 Bg4 3. Bg2 Nd7 4. c4 e6 5. cxd5 exd5 6. Nc3 c6 7. d3 Bd6 8. O-O
Ne7 9. Qc2 O-O 10. e4 dxe4 11. dxe4 Ne5 12. Nxe5 Bxe5 13. Be3 Bd4 14. Bxd4 Qxd4
15. h3 Be6 16. Rfd1 1/2-1/2

[Event "25th Czech Open A 2014"]
[Site "Pardubice CZE"]
[Date "2014.07.21"]
[Round "4.45"]
[White "Mishin, Alexei"]
[Black "Farid, Firman Syah"]
[Result "0-1"]
[BlackTitle "IM"]
[WhiteElo "2228"]
[BlackElo "2401"]
[WhiteFideId "4157940"]
[BlackFideId "7102526"]
[EventDate "2014.07.18"]

1. e4 e5 2. Nf3 Nc6 3. Bb5 a6 4. Bxc6 dxc6 5. Nc3 f6 6. d4 exd4 7. Nxd4 c5 8.
Nde2 Qxd1+ 9. Nxd1 Bd7 10. Bf4 O-O-O 11. Ne3 Bc6 12. Nc3 Ne7 13. Rd1 Re8 14. O-O
Ng6 15. Bg3 Bxe4 16. Nxe4 Rxe4 17. Nd5 Bd6 18. Nb6+ cxb6 19. Rxd6 Rd8 20. Rxb6
Rd2 21. c3 Ne5 22. Bxe5 Rxe5 23. a4 Kc7 24. a5 Rc2 25. g3 Ree2 26. b4 Rxc3 27.
bxc5 Rxc5 28. Rfb1 Rb5 29. R6xb5 axb5 30. Rxb5 Re5 31. Rb4 Rxa5 32. Kf1 Rd5 33.
Rh4 h5 34. Rc4+ Kd7 35. g4 b5 36. Rb4 Kc6 37. gxh5 Rxh5 38. h4 Re5 39. Rg4 Re7
40. h5 Kc5 41. Rg6 b4 42. h6 gxh6 43. Rxf6 b3 44. Rf8 Rb7 0-1

[Event "25th Czech Open A 2014"]
[Site "Pardubice CZE"]
[Date "2014.07.21"]
[Round "4.46"]
[White "Seegert, Kristian"]
[Black "Potapov, Alexander1"]
[Result "0-1"]
[BlackTitle "GM"]
[WhiteElo "2178"]
[BlackElo "2399"]
[WhiteFideId "1405098"]
[BlackFideId "4115074"]
[EventDate "2014.07.18"]

1. e4 c5 2. Nf3 Nc6 3. d4 cxd4 4. Nxd4 e5 5. Nb5 d6 6. N1c3 a6 7. Na3 Be7 8. Nc4
b5 9. Ne3 Nf6 10. a3 O-O 11. g3 Be6 12. Bg2 Rc8 13. O-O Nd4 14. f4 Qb6 15. Kh1
a5 16. Ncd5 Bxd5 17. exd5 b4 18. b3 Qc5 19. axb4 axb4 20. Bb2 Nxc2 21. Nf5 Rfe8
22. fxe5 dxe5 23. d6 Bf8 24. Rc1 Red8 25. Nh6+ gxh6 26. Rxf6 Bg7 27. d7 Bxf6 28.
Qg4+ Bg5 29. Be4 Rc7 30. Rxc2 Qb5 31. Bxh7+ Kf8 32. Rf2 Qxd7 33. Qxb4+ Be7 34.
Qe4 Qd5 35. Bxe5 Rc1+ 36. Kg2 Qxe4+ 37. Bxe4 Re1 38. Kf3 Bc5 39. Rc2 Be7 40. Bf4
Bg5 41. Rc4 Bxf4 42. Kxf4 Rd2 43. h4 Rf2+ 44. Bf3 Re6 45. Rc3 Rf6+ 46. Ke4 Rb6
47. Ke3 Rb2 48. Bd5 Rd6 49. Bc4 Rf6 50. Ke4 Rb1 51. Ke5 Ke7 52. Re3 Rg6 53. Kf5+
Kf8 54. Rf3 Re1 55. g4 Kg7 56. Kf4 Rf6+ 57. Kg3 Rg1+ 58. Kf2 Rxg4 59. Rxf6 Kxf6
60. h5 Rh4 61. Be2 Ke5 62. Kg3 Rd4 63. Bc4 f5 64. Be2 Ke4 0-1

[Event "25th Czech Open A 2014"]
[Site "Pardubice CZE"]
[Date "2014.07.21"]
[Round "4.47"]
[White "Chlost, Marlena"]
[Black "Kriebel, Tadeas"]
[Result "0-1"]
[WhiteTitle "WFM"]
[BlackTitle "IM"]
[WhiteElo "2142"]
[BlackElo "2398"]
[WhiteFideId "1122657"]
[BlackFideId "330027"]
[EventDate "2014.07.18"]

1. e4 c5 2. Nf3 d6 3. d4 cxd4 4. Nxd4 Nf6 5. Nc3 a6 6. Be3 e5 7. Nb3 Be7 8. f3
Be6 9. Qd2 O-O 10. O-O-O a5 11. a4 Nc6 12. Kb1 Nb4 13. g4 Rc8 14. g5 Nh5 15. Rg1
f5 16. g6 f4 17. gxh7+ Kxh7 18. Bf2 Qe8 19. Bb5 Qf7 20. Nxa5 Bd8 21. Nxb7 Qxb7
22. Qxd6 Qe7 23. Rg5 Qxg5 24. Qxe6 Be7 25. Rd7 Bc5 26. Bxc5 Rxc5 27. Qb3 Qg1+
28. Rd1 Rxc3 29. Rxg1 Rxb3 30. cxb3 Rd8 31. Kc1 Rc8+ 32. Bc4 Nc6 33. Kd1 Kh6 34.
Bf7 g5 35. h4 Ng3 36. hxg5+ Kxg5 37. Be6 Rd8+ 38. Ke1 Nd4 39. Bg4 Nc2+ 0-1

[Event "25th Czech Open A 2014"]
[Site "Pardubice CZE"]
[Date "2014.07.21"]
[Round "4.48"]
[White "Eliseev, Evgeniy"]
[Black "Grekh, Andrey"]
[Result "1-0"]
[BlackTitle "IM"]
[WhiteElo "2140"]
[BlackElo "2396"]
[WhiteFideId "14139642"]
[BlackFideId "14112418"]
[EventDate "2014.07.18"]

1. Nf3 Nf6 2. c4 e6 3. Nc3 d5 4. d4 c5 5. cxd5 exd5 6. g3 Nc6 7. Bg2 Bf5 8. O-O
Be7 9. dxc5 Bxc5 10. Qb3 O-O 11. Qxb7 Nb4 12. Bf4 Bd6 13. Bxd6 Qxd6 14. Nb5 Qc5
15. Rfc1 Nc2 16. Nbd4 Rfb8 17. Qa6 Rb6 18. Qa4 Rb4 19. Qa3 Ng4 20. e3 Rc8 21.
Nxc2 Bxc2 22. h3 Nxf2 23. Kxf2 Qb6 24. Kg1 Rc7 25. b3 Qxe3+ 26. Kh2 Re4 27. Qd6 1-0

[Event "25th Czech Open A 2014"]
[Site "Pardubice CZE"]
[Date "2014.07.21"]
[Round "4.49"]
[White "Manik, Mikulas"]
[Black "Pischikov, Vadim"]
[Result "1/2-1/2"]
[WhiteTitle "GM"]
[WhiteElo "2394"]
[BlackElo "2130"]
[WhiteFideId "14900734"]
[BlackFideId "4100280"]
[EventDate "2014.07.18"]

1. e4 e5 2. Nf3 Nc6 3. d4 exd4 4. Nxd4 Nf6 5. Nxc6 bxc6 6. e5 Qe7 7. Qe2 Nd5 8.
c4 Ba6 9. b3 Qb4+ 10. Kd1 O-O-O 11. Kc2 Qb6 12. a3 Bc5 13. Qd2 Bd4 14. Bb2 Bxb2
15. Kxb2 Ne7 16. Nc3 d6 17. Na4 Qb7 18. Qg5 Ng6 19. exd6 cxd6 20. Be2 Ne5 21.
Nc5 Nxc4+ 22. Bxc4 dxc5 23. Rac1 Bxc4 24. Rxc4 Rd5 25. Qxg7 Re8 26. Rhc1 Qe7 27.
Qc3 Qe5 28. Qxe5 Rexe5 29. f4 Rh5 30. h3 Kb7 31. Kc2 Kb6 32. Re1 Rh6 33. Re7
Rhd6 34. Kb2 f5 35. Rxh7 Rd2+ 36. Rc2 Rxc2+ 37. Kxc2 Rg6 38. Rf7 Rxg2+ 39. Kc3
Rg3+ 40. Kc4 Rxh3 41. Rxf5 Rf3 42. b4 cxb4 43. axb4 Rf1 44. Rf8 1/2-1/2

[Event "25th Czech Open A 2014"]
[Site "Pardubice CZE"]
[Date "2014.07.21"]
[Round "4.50"]
[White "Paszewski, Mateusz"]
[Black "Satyapragyan, Swayangsu"]
[Result "1/2-1/2"]
[BlackTitle "IM"]
[WhiteElo "2100"]
[BlackElo "2393"]
[WhiteFideId "1141058"]
[BlackFideId "5004306"]
[EventDate "2014.07.18"]

1. e4 c5 2. Nf3 e6 3. Nc3 d6 4. d4 cxd4 5. Nxd4 Nc6 6. g3 Nf6 7. Bg2 Bd7 8. O-O
a6 9. Re1 Be7 10. Nxc6 Bxc6 11. a4 O-O 12. a5 Nd7 13. Be3 Rc8 14. Na4 Bb5 15.
Nb6 Nxb6 16. Bxb6 Qd7 17. c3 e5 18. Qd2 Bc4 19. f4 Qe6 20. f5 Qd7 21. Bf1 Bd8
22. Bxd8 Qxd8 23. Bxc4 Rxc4 24. b3 Rc5 25. c4 b5 1/2-1/2

[Event "25th Czech Open A 2014"]
[Site "Pardubice CZE"]
[Date "2014.07.21"]
[Round "4.51"]
[White "Jedlicka, Ales"]
[Black "Dourerassou, Jonathan"]
[Result "0-1"]
[WhiteTitle "FM"]
[BlackTitle "IM"]
[WhiteElo "2259"]
[BlackElo "2515"]
[WhiteFideId "304824"]
[BlackFideId "628050"]
[EventDate "2014.07.18"]

1. d4 f5 2. Nf3 Nf6 3. g3 d5 4. Bg2 e6 5. O-O Bd6 6. c4 c6 7. b3 Qe7 8. Bb2 O-O
9. Nbd2 Nbd7 10. Qc2 Ne4 11. Ne1 Ndf6 12. Nxe4 dxe4 13. f3 e5 14. dxe5 Bxe5 15.
Rd1 f4 16. Bxe5 Qxe5 17. gxf4 Qxf4 18. Qd2 e3 19. Qc3 Bf5 20. Rd4 Qh6 21. f4
Rae8 22. Nd3 Ne4 23. Qa5 Nd2 24. Re1 Qh4 0-1

[Event "25th Czech Open A 2014"]
[Site "Pardubice CZE"]
[Date "2014.07.21"]
[Round "4.52"]
[White "Wagner, Dennis"]
[Black "Sochacki, Wojtek"]
[Result "1-0"]
[WhiteTitle "IM"]
[BlackTitle "FM"]
[WhiteElo "2485"]
[BlackElo "2281"]
[WhiteFideId "24650684"]
[BlackFideId "651389"]
[EventDate "2014.07.18"]

1. d4 e6 2. c4 Nf6 3. Nf3 d5 4. g3 dxc4 5. Bg2 Nc6 6. Qa4 Bb4+ 7. Bd2 Bd6 8. Na3
Ne4 9. Nxc4 Bd7 10. Nxd6+ cxd6 11. Be3 d5 12. O-O O-O 13. Qa3 Qe7 14. Qd3 Rfc8
15. Rfc1 Qb4 16. a3 Qb6 17. Ne5 Be8 18. b4 f6 19. Nc4 dxc4 20. Qxe4 Nd8 21. d5
Bg6 22. Qg4 Qb5 23. dxe6 Bf5 24. Qh5 Nxe6 25. g4 g6 26. Qh3 1-0

[Event "25th Czech Open A 2014"]
[Site "Pardubice CZE"]
[Date "2014.07.21"]
[Round "4.53"]
[White "Nguyen, Thai Dai Van"]
[Black "Sivuk, Vitaly"]
[Result "0-1"]
[WhiteTitle "CM"]
[BlackTitle "IM"]
[WhiteElo "2261"]
[BlackElo "2483"]
[WhiteFideId "358878"]
[BlackFideId "14116502"]
[EventDate "2014.07.18"]

1. e4 Nf6 2. e5 Nd5 3. d4 d6 4. Nf3 g6 5. Bc4 Nb6 6. Bb3 Bg7 7. Qe2 O-O 8. O-O
Nc6 9. h3 Na5 10. Nc3 Bf5 11. Bf4 d5 12. Nd1 f6 13. Ne3 Be6 14. Rfe1 Qd7 15.
Rad1 Rae8 16. c3 Nxb3 17. axb3 c6 18. b4 Na8 19. Qd2 Nc7 20. h4 h6 21. Bg3 Bf7
22. Re2 Ne6 23. Ne1 g5 24. Nf5 Nf4 25. Bxf4 Qxf5 26. Bg3 gxh4 27. exf6 Bxf6 28.
Be5 Bh5 29. f3 Bg5 30. Qd3 Qf7 31. Rf2 Bg6 32. Qe2 Kh7 33. Ra1 a6 34. Nd3 Rg8
35. f4 Bf6 36. Qe3 Bf5 37. Kf1 Rg3 38. Rf3 Reg8 39. Ne1 Be4 40. Rxg3 Rxg3 41.
Qf2 Qh5 42. Qe2 Qf5 43. Rd1 h3 0-1

[Event "25th Czech Open A 2014"]
[Site "Pardubice CZE"]
[Date "2014.07.21"]
[Round "4.54"]
[White "Jovanic, Ognjen"]
[Black "Mukashev, Assan"]
[Result "1/2-1/2"]
[WhiteTitle "GM"]
[WhiteElo "2482"]
[BlackElo "2261"]
[WhiteFideId "14504081"]
[BlackFideId "13703803"]
[EventDate "2014.07.18"]

1. d4 Nf6 2. c4 e6 3. Nf3 c5 4. e3 d5 5. Nc3 cxd4 6. exd4 Be7 7. Bd3 dxc4 8.
Bxc4 O-O 9. O-O a6 10. a3 Nbd7 11. Ba2 b5 12. Bg5 Bb7 13. Re1 Nb6 14. Ne5 Nfd5
15. Bxe7 Qxe7 16. Ne4 Nf6 17. Nc5 Bd5 18. Bb1 Nc4 19. Qc2 Rfc8 20. Ned3 Na5 21.
Nb4 Qd6 22. Qd3 Rd8 23. Qc3 Qb6 24. Bc2 Nc6 25. Rac1 a5 26. Nxd5 Nxd5 27. Qh3
Nxd4 28. Bxh7+ Kf8 29. Be4 Ra7 30. Qh8+ Ke7 31. Qxg7 Nf6 32. Bg6 Rf8 33. b4 axb4
34. axb4 Qd6 35. Rcd1 Ne2+ 36. Kf1 Qxh2 37. Kxe2 Qxg2 38. Nxe6 Ra2+ 39. Rd2 Qg4+
40. Kf1 Qh3+ 41. Kg1 Qg4+ 1/2-1/2

[Event "25th Czech Open A 2014"]
[Site "Pardubice CZE"]
[Date "2014.07.21"]
[Round "4.55"]
[White "Bryzgalin, Kirill"]
[Black "Le Ruyet, Leopold"]
[Result "1-0"]
[WhiteTitle "GM"]
[WhiteElo "2460"]
[BlackElo "2259"]
[WhiteFideId "4133285"]
[BlackFideId "645923"]
[EventDate "2014.07.18"]

1. c4 c5 2. Nc3 Nf6 3. Nf3 Nc6 4. g3 d5 5. cxd5 Nxd5 6. Bg2 Nc7 7. b3 e5 8. Bb2
Be7 9. Rc1 Ne6 10. O-O O-O 11. d3 Rb8 12. Nd2 Bd7 13. Nd5 f6 14. f4 exf4 15.
gxf4 Nc7 16. Nxe7+ Qxe7 17. Ne4 b6 18. Qd2 Nb5 19. f5 Rfe8 20. Rf4 Nd6 21. Ng3
Nd4 22. Bxd4 cxd4 23. Rcf1 Rbc8 24. Rxd4 Rc5 25. Qf4 Re5 26. e4 Bb5 27. Rc1 Rc8
28. a4 Bc6 29. Nf1 Bb7 30. Rxc8+ Bxc8 31. Ne3 Bb7 32. Ng4 h5 33. Ne3 Qc7 34. Nc4
Nf7 35. b4 Qc6 36. Qf2 Re7 37. b5 Qc5 38. h4 Kh7 39. Bf3 g6 40. fxg6+ Kxg6 41.
Kf1 a6 42. bxa6 Bxa6 43. Qg3+ Kh7 44. Rd5 Bxc4 45. Rxh5+ 1-0

[Event "25th Czech Open A 2014"]
[Site "Pardubice CZE"]
[Date "2014.07.21"]
[Round "4.56"]
[White "Feher, Adam"]
[Black "Kratochvil, Josef"]
[Result "1/2-1/2"]
[BlackTitle "FM"]
[WhiteElo "2398"]
[BlackElo "2257"]
[WhiteFideId "739081"]
[BlackFideId "328626"]
[EventDate "2014.07.18"]

1. e4 c5 2. Nf3 e6 3. d4 cxd4 4. Nxd4 a6 5. Nc3 b5 6. Bd3 Bb7 7. O-O Qb6 8. Nf3
Nc6 9. a4 b4 10. a5 Qc7 11. Na4 Nxa5 12. Be3 Nc6 13. Nb6 Rb8 14. Bxa6 Bxa6 15.
Rxa6 Nf6 16. Qd3 Be7 17. Qc4 Ng4 18. Nxd7 Qxd7 19. Rxc6 Nxe3 20. fxe3 O-O 21.
Rc7 Qe8 22. Rd1 Bf6 23. e5 Bd8 24. Rcd7 Bb6 25. Qd3 h6 26. Kf2 Qc8 27. Qe4 Qc5
28. R1d2 Ra8 29. R7d6 Rfc8 30. Nd4 Bc7 31. Nb3 Qb5 32. R6d4 Qxe5 33. Qxe5 1/2-1/2

[Event "25th Czech Open A 2014"]
[Site "Pardubice CZE"]
[Date "2014.07.21"]
[Round "4.57"]
[White "Vogel, Roven"]
[Black "Mueller, Ralf1"]
[Result "1/2-1/2"]
[BlackTitle "FM"]
[WhiteElo "2257"]
[BlackElo "2392"]
[WhiteFideId "12908088"]
[BlackFideId "4606612"]
[EventDate "2014.07.18"]

1. Nf3 Nf6 2. d4 g6 3. c4 Bg7 4. Nc3 d5 5. e3 O-O 6. Bd2 c6 7. Bd3 e6 8. O-O
Nbd7 9. b4 Re8 10. Qc2 e5 11. cxd5 Nxd5 12. Nxd5 cxd5 13. dxe5 Nxe5 14. Nxe5
Bxe5 15. Bc3 Qb6 16. Bxe5 Rxe5 17. Qc3 Re8 18. Rac1 Be6 19. a3 Red8 20. Qd4 Qxd4
21. exd4 Rac8 22. f3 Rxc1 23. Rxc1 Rc8 24. Rc5 b6 25. Rxc8+ Bxc8 26. Kf2 Kg7 27.
Ke3 Kf6 28. Bb5 Ke7 29. Bd3 h6 30. h4 Bd7 1/2-1/2

[Event "25th Czech Open A 2014"]
[Site "Pardubice CZE"]
[Date "2014.07.21"]
[Round "4.58"]
[White "Furman, Boris"]
[Black "Vlasak, Lukas"]
[Result "1/2-1/2"]
[WhiteTitle "FM"]
[BlackTitle "FM"]
[WhiteElo "2225"]
[BlackElo "2375"]
[WhiteFideId "4107187"]
[BlackFideId "324752"]
[EventDate "2014.07.18"]

1. d4 Nf6 2. c4 e6 3. Nc3 Bb4 4. Nf3 b6 5. Bg5 Bb7 6. e3 h6 7. Bh4 g5 8. Bg3 Ne4
9. Qc2 d6 10. Bd3 Bxc3+ 11. bxc3 Nxg3 12. fxg3 Nd7 13. O-O Qe7 14. Nd2 O-O-O 15.
a4 a5 16. Rab1 c5 17. dxc5 dxc5 18. Be4 Bxe4 19. Qxe4 Kc7 20. Rb2 f6 21. Nb1 1/2-1/2

[Event "25th Czech Open A 2014"]
[Site "Pardubice CZE"]
[Date "2014.07.21"]
[Round "4.59"]
[White "Marusenko, Petr"]
[Black "Suran, Jan"]
[Result "1-0"]
[WhiteTitle "IM"]
[BlackTitle "FM"]
[WhiteElo "2207"]
[BlackElo "2368"]
[WhiteFideId "14100606"]
[BlackFideId "305782"]
[EventDate "2014.07.18"]

1. d4 Nf6 2. c4 g6 3. Nc3 Bg7 4. g3 O-O 5. Bg2 d6 6. Nf3 Nbd7 7. O-O e5 8. e4 c6
9. h3 a5 10. Be3 exd4 11. Nxd4 Nc5 12. Qc2 a4 13. Rad1 Qa5 14. Rfe1 Re8 15. Bf4
Bf8 16. g4 Bd7 17. Bg3 a3 18. b3 Rad8 19. Qd2 Qc7 20. b4 Ne6 21. c5 Bc8 22. Nxe6
Bxe6 23. cxd6 Qb6 24. e5 Nd7 25. Rb1 f6 26. b5 Nxe5 27. Bxe5 fxe5 28. bxc6 Qd4
29. Qxd4 exd4 30. Rxe6 Rxe6 31. c7 Rexd6 32. cxd8=Q Rxd8 33. Nd5 Bg7 34. Rxb7 d3
35. Rb3 d2 36. Rd3 1-0

[Event "25th Czech Open A 2014"]
[Site "Pardubice CZE"]
[Date "2014.07.21"]
[Round "4.60"]
[White "Kourousis, Epaminondas"]
[Black "Cuhra, Martin"]
[Result "1-0"]
[WhiteElo "2364"]
[BlackElo "2251"]
[WhiteFideId "4211626"]
[BlackFideId "327735"]
[EventDate "2014.07.18"]

1. Nf3 Nf6 2. c4 c5 3. Nc3 Nc6 4. g3 g6 5. Bg2 Bg7 6. O-O O-O 7. d4 cxd4 8. Nxd4
Nxd4 9. Qxd4 d6 10. Qd3 Bf5 11. e4 Be6 12. Bd2 Rc8 13. b3 a6 14. Rac1 Nd7 15.
Qe2 Ne5 16. h3 Nc6 17. Kh2 Bd7 18. Be3 b5 19. Nd5 Rb8 20. Rfd1 e6 21. Nf4 Qe7
22. c5 Be5 23. cxd6 Qf6 24. Nd3 Nd4 25. Qd2 Bxd6 26. e5 Nf3+ 27. Bxf3 Qxf3 28.
Ne1 1-0

[Event "25th Czech Open A 2014"]
[Site "Pardubice CZE"]
[Date "2014.07.21"]
[Round "4.61"]
[White "Sylvan, Jacob"]
[Black "Varitski, Igor"]
[Result "1-0"]
[WhiteTitle "FM"]
[BlackTitle "IM"]
[WhiteElo "2356"]
[BlackElo "2241"]
[WhiteFideId "1402137"]
[BlackFideId "14102862"]
[EventDate "2014.07.18"]

1. e4 c6 2. d4 d5 3. e5 Bf5 4. Nf3 e6 5. Be2 Nd7 6. O-O Bg6 7. Nbd2 Nh6 8. c4
Be7 9. Nb3 Nf5 10. g4 Nh4 11. Nxh4 Bxh4 12. f4 f6 13. cxd5 cxd5 14. f5 Bf7 15.
fxe6 Bxe6 16. exf6 Bxf6 17. g5 Bxg5 18. Bg4 Bxg4 19. Qxg4 Bf6 20. Qh5+ Kf8 21.
Bd2 Qe8 22. Qxd5 Qf7 23. Qxb7 Nb6 24. Qg2 Qd5 25. Rac1 Qxg2+ 26. Kxg2 Kf7 27.
Bg5 Nd5 28. Bxf6 gxf6 29. Kf3 Rhe8 30. Rfe1 Rxe1 31. Rxe1 Nb4 32. Nc5 Nxa2 33.
Na6 Rd8 34. Ra1 Rxd4 35. Rxa2 Rd2 36. Nc5 Kg6 37. h3 h5 38. h4 a5 39. Ne6 a4 40.
Nf4+ Kh6 41. Rxa4 Rxb2 42. Ra6 1-0

[Event "25th Czech Open A 2014"]
[Site "Pardubice CZE"]
[Date "2014.07.21"]
[Round "4.62"]
[White "Wittmann, Walter"]
[Black "Schwarz, Dusan"]
[Result "0-1"]
[WhiteTitle "IM"]
[WhiteElo "2196"]
[BlackElo "2352"]
[WhiteFideId "1600060"]
[BlackFideId "14903890"]
[EventDate "2014.07.18"]

1. e4 d5 2. exd5 Qxd5 3. Nf3 Bg4 4. Be2 Nc6 5. d4 O-O-O 6. c4 Qf5 7. Be3 Bxf3 8.
gxf3 Nxd4 9. Bxd4 Qf4 10. Nc3 Rxd4 11. Qc2 e6 12. Nb5 Bb4+ 13. Kf1 Rd2 14. Qa4
Bc5 15. Nxa7+ Kd8 16. Rd1 Nf6 17. Nb5 Ke7 18. h4 Rhd8 19. Rxd2 Rxd2 20. Qa5 b6
21. Qa7 Rxe2 22. Kxe2 Qxc4+ 23. Kd2 Qxb5 24. Kc2 Nd5 25. Kb1 Qd3+ 26. Ka1 Qxf3
27. Rc1 Qxf2 0-1

[Event "25th Czech Open A 2014"]
[Site "Pardubice CZE"]
[Date "2014.07.21"]
[Round "4.63"]
[White "Bjornsson, Tomas"]
[Black "Camarena Gimenez, Rufino"]
[Result "0-1"]
[WhiteTitle "FM"]
[BlackTitle "IM"]
[WhiteElo "2144"]
[BlackElo "2343"]
[WhiteFideId "2300303"]
[BlackFideId "2211106"]
[EventDate "2014.07.18"]

1. e4 e6 2. d4 d5 3. exd5 exd5 4. Bd3 c5 5. dxc5 Bxc5 6. Nf3 Nf6 7. O-O O-O 8.
h3 Nc6 9. Nc3 h6 10. Bf4 Be6 11. Qd2 Nb4 12. a3 Nxd3 13. Qxd3 Rc8 14. Nb5 a6 15.
Nbd4 Ne4 16. Be5 Qd7 17. Rad1 Rfd8 18. c3 f6 19. Bh2 Bf7 20. Nd2 Re8 21. Rfe1
Nd6 22. Bg3 b5 23. N2b3 Ba7 24. Bxd6 Qxd6 25. Nf5 Qd7 26. Nbd4 Re5 27. Qf3 Bg6
28. Ng3 Rce8 29. Rf1 Kh8 30. Rd2 h5 31. h4 Bb8 32. Rdd1 Qc7 33. Qf4 Qd7 34. Qf3
Kg8 35. Nde2 Qc7 36. Nf4 Bf7 37. Rd4 Ba7 38. Rd3 Qc4 39. Rd2 d4 40. cxd4 Bxd4
41. Nd3 Re3 42. fxe3 Rxe3 43. Qd1 Rxd3+ 44. Kh2 Rxd2 45. Qxd2 Be5 0-1

[Event "25th Czech Open A 2014"]
[Site "Pardubice CZE"]
[Date "2014.07.21"]
[Round "4.64"]
[White "Chernyshova, Natalia"]
[Black "Kozlitin, Oleg"]
[Result "0-1"]
[BlackTitle "IM"]
[WhiteElo "2129"]
[BlackElo "2331"]
[WhiteFideId "24143219"]
[BlackFideId "4143590"]
[EventDate "2014.07.18"]

1. d4 g6 2. g3 Bg7 3. Bg2 Nf6 4. Nf3 O-O 5. O-O d6 6. Nc3 Na6 7. e4 c5 8. h3
cxd4 9. Nxd4 Nc5 10. Be3 a5 11. Ndb5 Nfd7 12. Bd4 Bxd4 13. Qxd4 Ne5 14. Rad1
Bxh3 15. f4 Ne6 16. Qd2 Nc4 17. Qf2 Bxg2 18. Kxg2 Qb6 19. Qxb6 Nxb6 20. f5 Nc5
21. f6 exf6 22. b3 Rae8 23. Rxd6 Nc8 24. Rd4 Kg7 25. Nc7 Re5 26. Rd5 Ne7 27. Rd6
f5 28. exf5 Nxf5 29. Rxf5 Rxf5 30. N3d5 Rf2+ 31. Kxf2 Ne4+ 32. Ke3 Nxd6 33. Kd4
Nf5+ 34. Kc5 Nxg3 35. Kb6 g5 36. Kxb7 h5 37. c4 Nf5 38. c5 h4 0-1

[Event "25th Czech Open A 2014"]
[Site "Pardubice CZE"]
[Date "2014.07.21"]
[Round "4.65"]
[White "Bruedigam, Martin"]
[Black "Barthel, Ansgar"]
[Result "1-0"]
[WhiteTitle "FM"]
[WhiteElo "2328"]
[BlackElo "2226"]
[WhiteFideId "24608033"]
[BlackFideId "4643461"]
[EventDate "2014.07.18"]

1. d4 d5 2. c4 e6 3. g3 c5 4. cxd5 exd5 5. Bg2 Nf6 6. Nf3 Nc6 7. O-O Be7 8. b3
O-O 9. Bb2 Bg4 10. Nc3 a6 11. Ne5 Be6 12. Nxc6 bxc6 13. dxc5 Bxc5 14. Rc1 Ba7
15. Na4 Rc8 16. Qd3 Qa5 17. Bd4 Bf5 18. Qd1 Bxd4 19. Qxd4 Rfe8 20. e3 Ne4 21.
Rfd1 Qb5 22. Nc3 Qb7 23. Nxe4 Bxe4 24. f3 Bf5 25. Rc5 Be6 26. Rdc1 Re7 27. Kf2
h6 28. Bf1 Bd7 29. R1c3 Rce8 30. Ra5 Qc7 31. Rxa6 Qd6 32. b4 Qg6 33. Be2 Qb1 34.
Bd1 Qb2+ 35. Rc2 Qb1 36. Ra3 c5 37. bxc5 Rb8 38. Rb3 Rxb3 39. axb3 Qxb3 40. Rb2
Qa3 41. Rb8+ Kh7 42. Bc2+ f5 43. c6 Qc1 44. Qc3 Qh1 45. cxd7 Qxh2+ 46. Kf1 Qh3+
47. Ke2 Rxd7 48. Qe5 Rf7 49. Qxd5 Rf6 50. Kd2 Kg6 51. Rb4 h5 52. g4 Qh2+ 53. Kc3
h4 54. Bxf5+ Kh6 55. g5+ Kxg5 56. Bg4+ 1-0